Vývoj cien nehnuteľností vo väzbe na vývoj hospodárstva SR diplomová práca

Salvato in:
Dettagli Bibliografici
Autore principale: Nováková, Vladimíra
Ente Autore: Fakulta podnikového manažmentu EU. Katedra podnikovohospodárska
Altri autori: Majdúchová, Helena, 1963-
Natura: Libro
Lingua:slovacco
Pubblicazione: Bratislava 2018
Tags: Aggiungi Tag
Nessun Tag, puoi essere il primo ad aggiungerne!!

MARC

LEADER 00000nbm a2200000 4500
001 0244910
005 20181004111946.9
041 0 |a slo 
044 |a SK 
245 1 0 |a Vývoj cien nehnuteľností vo väzbe na vývoj hospodárstva SR  |b diplomová práca  |c Vladimíra Nováková ; školiteľ: Helena Majdúchová 
264 1 |a Bratislava  |c 2018 
300 |a 78 s. 
100 1 |a Nováková, Vladimíra 
700 1 |a Majdúchová, Helena, 1963- 
710 2 |a Fakulta podnikového manažmentu EU. Katedra podnikovohospodárska